[Event "Oberliga Ost-A 1819"]
[Site "Germany"]
[Date "2019.02.02"]
[Round "6.5"]
[White "Weitzer, Steffen"]
[Black "Biastoch, Bennet"]
[Result "1/2-1/2"]
[WhiteElo "2278"]
[BlackElo "2134"]
[PlyCount "85"]
[EventDate "2018.10.21"]
[EventType "team-tourn"]
[EventRounds "11"]
[EventCountry "GER"]
[SourceTitle "EXT 2020"]
[Source "ChessBase"]
[SourceDate "2019.10.17"]
[SourceVersion "1"]
[SourceVersionDate "2019.10.17"]
[SourceQuality "1"]
[WhiteTeam "Leipzig SG"]
[BlackTeam "Magdeburg Aufbau Elbe"]
[WhiteTeamCountry "GER"]
[BlackTeamCountry "GER"]

1. e4 c5 2. Nf3 d6 3. c3 Nf6 4. Be2 Bd7 5. e5 dxe5 6. Nxe5 Nc6 7. Nxd7 Qxd7 8. 0-0 e6 9. d3 Rd8 10. Qa4 Be7 11. Rd1 0-0 12. Qc2 Nd5 13. a4 Ndb4 14. Qd2 Na5 15. Ra3 Nbc6 16. Qc2 Nb4 17. cxb4 cxb4 18. Ra1 Rc8 19. Nc3 Nc6 20. Be3 bxc3 21. bxc3 Nd4 22. Bxd4 Qxd4 23. Rdc1 Qd7 24. Qb3 Rc7 25. Rc2 Rd8 26. Rd1 Qc8 27. d4 Bf6 28. Rdc1 Bg5 29. Rd1 Bf6 30. Rdc1 Rd6 31. g3 Rb6 32. Qa2 Rbc6 33. d5 exd5 34. Bf3 Rxc3 35. Rxc3 Rxc3 36. Rxc3 Bxc3 37. Bxd5 Qc7 38. Qb3 b6 39. Bxf7+ Qxf7 40. Qxc3 Qd7 41. Qc4+ Kf8 42. Qf4+ Kg8 43. Qc4+ 1/2-1/2

[Event "Sachsen-ch"]
[Site "Leipzig"]
[Date "2018.11.04"]
[Round "5"]
[White "Leipert, Matthias"]
[Black "Weitzer, Steffen"]
[Result "0-1"]
[WhiteElo "2107"]
[BlackElo "2283"]
[PlyCount "76"]
[EventDate "2018.11.02"]
[EventType "swiss"]
[EventRounds "6"]
[EventCountry "GER"]
[SourceTitle "CBM 187 Extra"]
[Source "ChessBase"]
[SourceDate "2018.11.04"]
[SourceVersion "1"]
[SourceVersionDate "2018.11.04"]
[SourceQuality "1"]

1. e4 d6 2. d4 g6 3. h4 h5 4. Nc3 Bg7 5. Bg5 Nc6 6. d5 Nb8 7. Qd2 c6 8. a4 Qa5 9. Ra3 Nd7 10. Nf3 Nc5 11. dxc6 bxc6 12. Nd4 Qb4 13. Nxc6 Qxb2 14. Nb5 Nxe4 15. Qc1 Qxc1+ 16. Bxc1 Kd7 17. Ncxa7 Bb7 18. Be3 Nh6 19. f3 Ng3 20. Rg1 Nxf1 21. Rxf1 Nf5 22. Bf2 Bf6 23. c4 Nxh4 24. Bxh4 Bxh4+ 25. Ke2 Ba6 26. Rd1 Rhb8 27. Ke3 Rb7 28. Rc3 Rbxa7 29. Nxa7 Rxa7 30. a5 Bf6 31. Rc2 Rb7 32. c5 Rb3+ 33. Kf2 Rb5 34. Rd5 Kc6 35. cxd6+ Kxd5 36. Rd2+ Bd4+ 37. Rxd4+ Kxd4 38. dxe7 Re5 0-1

[Event "Sachsen-ch"]
[Site "Leipzig"]
[Date "2018.11.03"]
[Round "2"]
[White "Weitzer, Steffen"]
[Black "Sobeck, Guenter"]
[Result "1-0"]
[WhiteElo "2283"]
[BlackElo "2048"]
[PlyCount "103"]
[EventDate "2018.11.02"]
[EventType "swiss"]
[EventRounds "6"]
[EventCountry "GER"]
[SourceTitle "CBM 187 Extra"]
[Source "ChessBase"]
[SourceDate "2018.11.04"]
[SourceVersion "1"]
[SourceVersionDate "2018.11.04"]
[SourceQuality "1"]

1. d4 Nf6 2. Nf3 e6 3. Bf4 b6 4. e3 Bb7 5. a4 c5 6. c3 Nc6 7. Bd3 Be7 8. h3 Rc8 9. 0-0 0-0 10. Qe2 d6 11. Rd1 Qc7 12. Bh2 Rcd8 13. Na3 Qc8 14. dxc5 bxc5 15. e4 e5 16. Nc4 Rfe8 17. a5 Bf8 18. Qc2 h6 19. Ne3 Ne7 20. Nd2 Nh5 21. a6 Bc6 22. Bc4 Ng6 23. Ndf1 Ngf4 24. f3 Qc7 25. Rd2 Rb8 26. Rad1 g6 27. h4 Nf6 28. Ng3 Red8 29. Ne2 Nxe2+ 30. Rxe2 Nh5 31. g3 Qc8 32. Nd5 Bxd5 33. Rxd5 Rb6 34. Red2 Re8 35. Qa4 Rd8 36. Qd1 Re8 37. Qe2 Qh3 38. Qf2 Qc8 39. Qf1 Qb8 40. Qb1 Qc8 41. Qa2 Qc7 42. Kg2 Kg7 43. Bg1 Nf6 44. R5d3 Reb8 45. Be3 h5 46. b4 Rc8 47. bxc5 dxc5 48. Bg5 Rd6 49. Rxd6 Bxd6 50. Bxf7 Rb8 51. Bxf6+ Kxf6 52. Qe6+ 1-0

[Event "Oberliga Ost-A 1819"]
[Site "Germany"]
[Date "2018.10.21"]
[Round "1.6"]
[White "Weitzer, Steffen"]
[Black "Beyer, Till"]
[Result "1-0"]
[WhiteElo "2278"]
[BlackElo "2086"]
[PlyCount "47"]
[EventDate "2018.10.21"]
[EventType "team-tourn"]
[EventRounds "11"]
[EventCountry "GER"]
[SourceTitle "EXT 2020"]
[Source "ChessBase"]
[SourceDate "2019.10.17"]
[SourceVersion "1"]
[SourceVersionDate "2019.10.17"]
[SourceQuality "1"]
[WhiteTeam "Leipzig SG"]
[BlackTeam "Leipzig SG II"]
[WhiteTeamCountry "GER"]
[BlackTeamCountry "GER"]

1. e4 g6 2. h4 d6 3. h5 Nf6 4. hxg6 fxg6 5. Nc3 Be6 6. d4 c6 7. d5 Bg8 8. Nh3 Qa5 9. Bd2 Nbd7 10. Nf4 Bg7 11. Be2 Qc7 12. g4 Nc5 13. Bf3 e5 14. b4 Ncxe4 15. Nxe4 Nxe4 16. Bxe4 exf4 17. dxc6 Qe7 18. 0-0 d5 19. cxb7 Qxb7 20. Bf3 Be6 21. Qe2 Kf7 22. Rae1 Rae8 23. Qd3 Bf6 24. Rxe6 1-0

[Event "WchT Seniors 50"]
[Site "Dresden"]
[Date "2018.07.14"]
[Round "8.2"]
[White "Speelman, Jonathan S"]
[Black "Weitzer, Steffen"]
[Result "1-0"]
[WhiteElo "2493"]
[BlackElo "2288"]
[PlyCount "87"]
[EventDate "2018.07.07"]
[EventType "team-swiss"]
[EventRounds "9"]
[EventCountry "GER"]
[SourceTitle "CBM 185 Extra"]
[Source "ChessBase"]
[SourceDate "2018.07.29"]
[SourceVersion "1"]
[SourceVersionDate "2018.07.29"]
[SourceQuality "1"]
[WhiteTeam "England"]
[BlackTeam "Leipzig Schachfreunde"]
[WhiteTeamCountry "ENG"]
[BlackTeamCountry "GER"]

1. Nf3 f5 2. b4 Nf6 3. Bb2 e6 4. a3 d5 5. e3 Bd6 6. Be2 0-0 7. 0-0 c6 8. c4 Qe7 9. Ne5 Nbd7 10. f4 Bc7 11. c5 g5 12. d3 Qg7 13. Nd2 Qh6 14. Rf2 gxf4 15. exf4 d4 16. Bxd4 Nd5 17. Ndc4 Nxf4 18. Bf1 Ng6 19. Qe1 Ndxe5 20. Nxe5 Rd8 21. Bc3 Ne7 22. Rf3 Nd5 23. Rg3+ Kf8 24. Rh3 Qf4 25. Rxh7 Bxe5 26. Bxe5 Qg5 27. h4 Qg6 28. Rh8+ Ke7 29. h5 Qg5 30. Rh7+ Ke8 31. Rg7 Qxh5 32. Qg3 Qh6 33. Be2 f4 34. Rg8+ Kd7 35. Qg7+ Qxg7 36. Rxg7+ Ke8 37. Bh5+ Kf8 38. Rh7 Bd7 39. Rf1 Be8 40. Bxe8 Kxe8 41. Bxf4 Nxf4 42. Rxf4 a5 43. Rff7 Rab8 44. Rc7 1-0

[Event "Oberliga Ost-A 1718"]
[Site "Germany"]
[Date "2018.02.25"]
[Round "8.3"]
[White "Pallas, Sebastian"]
[Black "Weitzer, Steffen"]
[Result "1-0"]
[WhiteElo "2230"]
[BlackElo "2236"]
[PlyCount "125"]
[EventDate "2017.10.22"]
[EventType "team-tourn"]
[EventRounds "11"]
[EventCountry "GER"]
[SourceTitle "EXT 2019"]
[Source "ChessBase"]
[SourceDate "2018.10.10"]
[SourceVersion "1"]
[SourceVersionDate "2018.10.10"]
[SourceQuality "1"]
[WhiteTeam "Loeberitz"]
[BlackTeam "Leipzig SG II"]
[WhiteTeamCountry "GER"]
[BlackTeamCountry "GER"]

1. e4 c5 2. Nf3 d6 3. d4 cxd4 4. Nxd4 Nf6 5. Nc3 g6 6. Be3 Bg7 7. f3 Nc6 8. Qd2 0-0 9. 0-0-0 d5 10. exd5 Nxd5 11. Nxc6 bxc6 12. Bd4 e5 13. Bc5 Be6 14. Ne4 Re8 15. h4 h6 16. c4 Qc7 17. Kb1 Red8 18. Qc2 Nf4 19. Bd6 Qb6 20. g3 Nh5 21. c5 Qb4 22. Rg1 a5 23. Nd2 Bf5 24. Ne4 Be6 25. Bd3 Ra7 26. a3 Qb7 27. Bc4 Qc8 28. Qa4 f5 29. Nc3 e4 30. fxe4 Bxc3 31. Qb3 Bxc4 32. Qxc4+ Kh7 33. Qxc3 fxe4 34. g4 Ng7 35. h5 Qe6 36. hxg6+ Qxg6 37. g5 h5 38. Rdf1 Nf5 39. Qf6 Qxf6 40. gxf6 Nxd6 41. cxd6 Rf7 42. Rf5 Kh6 43. Rh1 Rxd6 44. Rhxh5+ Kg6 45. Rhg5+ Kh6 46. Rg4 Rfxf6 47. Rxf6+ Rxf6 48. Rxe4 Kg6 49. Ra4 Kf7 50. Rxa5 Ke6 51. Ra7 Kd5 52. Ka2 Kc4 53. Rb7 c5 54. a4 Ra6 55. Ka3 Kd5 56. Rh7 Ra8 57. Rh6 c4 58. Rb6 Rh8 59. Rb5+ Kd4 60. a5 Rh1 61. Rg5 Rh3+ 62. Ka4 Rb3 63. Rb5 1-0

[Event "Oberliga Ost-A 1617"]
[Site "Germany"]
[Date "2017.05.06"]
[Round "10.1"]
[White "Fodor, Tamas Jr"]
[Black "Weitzer, Steffen"]
[Result "1-0"]
[WhiteElo "2511"]
[BlackElo "2224"]
[PlyCount "71"]
[EventDate "2016.10.16"]
[EventType "team-tourn"]
[EventRounds "11"]
[EventCountry "GER"]
[SourceTitle "EXT 2018"]
[Source "ChessBase"]
[SourceDate "2017.10.13"]
[SourceVersion "1"]
[SourceVersionDate "2017.10.13"]
[SourceQuality "1"]
[WhiteTeam "Halle USV"]
[BlackTeam "Leipzig SG II"]
[WhiteTeamCountry "GER"]
[BlackTeamCountry "GER"]

1. d4 Nf6 2. c4 e5 3. dxe5 Ne4 4. a3 d6 5. Qc2 d5 6. cxd5 Qxd5 7. Nc3 Nxc3 8. Qxc3 Nc6 9. Bf4 Bf5 10. Rd1 Qe4 11. e3 Be7 12. Nf3 Rd8 13. Rxd8+ Bxd8 14. Nd2 Qa4 15. Bc4 0-0 16. 0-0 Ne7 17. e4 Be6 18. Be3 Bxc4 19. Qxc4 Qd7 20. f4 Nc6 21. Nf3 Re8 22. Qb3 b6 23. Rd1 Qe6 24. Qa4 Rf8 25. Rc1 Nb8 26. Qxa7 Qb3 27. Bd4 c5 28. Bc3 Nc6 29. Qd7 Ne7 30. f5 Qc4 31. Rd1 h6 32. f6 gxf6 33. exf6 Ng6 34. Qh3 Qe6 35. Qxh6 Bxf6 36. Ng5 1-0

[Event "Oberliga Ost-A 1213"]
[Site "Germany"]
[Date "2012.12.09"]
[Round "4.2"]
[White "Weitzer, Steffen"]
[Black "Lechtynsky, Jiri"]
[Result "1/2-1/2"]
[WhiteElo "2250"]
[BlackElo "2379"]
[PlyCount "79"]
[EventDate "2012.10.14"]
[EventType "team-tourn"]
[EventRounds "11"]
[EventCountry "GER"]
[SourceTitle "EXT 2014"]
[Source "ChessBase"]
[SourceDate "2013.11.20"]
[SourceVersion "1"]
[SourceVersionDate "2013.11.20"]
[SourceQuality "1"]
[WhiteTeam "Leipzig SG III"]
[BlackTeam "Hoyerswerda"]
[WhiteTeamCountry "GER"]
[BlackTeamCountry "GER"]

1. d4 Nf6 2. Nf3 e6 3. Bf4 c5 4. e3 Qb6 5. Nbd2 Qxb2 6. Rb1 Qc3 7. Bd3 Nc6 8. 0-0 d5 9. Rb3 Qa5 10. c4 cxd4 11. e4 dxc4 12. Nxc4 Qd8 13. e5 Nd5 14. Bg5 Qc7 15. Qe1 h6 16. Bd2 Be7 17. Qe4 Bd7 18. Rc1 Kf8 19. Nxd4 Nxd4 20. Qxd4 Bc6 21. Na5 Qd7 22. Nxc6 bxc6 23. Be4 c5 24. Qb2 Rc8 25. Rb7 Rc7 26. Rb8+ Rc8 27. Qb5 Qxb5 28. Rxb5 g6 29. Rb7 Bg5 30. Bxg5 hxg5 31. Rxa7 Nf4 32. Rb1 Ne2+ 33. Kf1 Nc3 34. Rbb7 Nxe4 35. Rxf7+ Kg8 36. Rg7+ Kf8 37. Raf7+ Ke8 38. Re7+ Kd8 39. Rd7+ Ke8 40. Rde7+ 1/2-1/2

[Event "Oberliga Ost-A 1112"]
[Site "Germany"]
[Date "2012.01.14"]
[Round "6.1"]
[White "Weitzer, Steffen"]
[Black "Degtiarev, Evgeny"]
[Result "0-1"]
[WhiteElo "2271"]
[BlackElo "2327"]
[PlyCount "114"]
[EventDate "2011.09.25"]
[EventType "team-tourn"]
[EventRounds "11"]
[EventCountry "GER"]
[SourceTitle "EXT 2013"]
[Source "ChessBase"]
[SourceDate "2012.11.22"]
[SourceVersion "1"]
[SourceVersionDate "2012.11.22"]
[SourceQuality "1"]
[WhiteTeam "Leipzig SG II"]
[BlackTeam "Magdeburg Aufbau Elbe"]
[WhiteTeamCountry "GER"]
[BlackTeamCountry "GER"]

1. d4 d5 2. Nf3 Nf6 3. Bf4 c5 4. e3 Nc6 5. c3 Qb6 6. Qb3 c4 7. Qc2 Bf5 8. Qc1 h6 9. h3 e6 10. Nbd2 Rc8 11. Be2 Be7 12. 0-0 0-0 13. Bd1 Bd3 14. Re1 Ne4 15. Bc2 f6 16. Nxe4 dxe4 17. Nd2 f5 18. f3 Nb4 19. Bd1 Nd5 20. Bg3 Bd6 21. Bxd6 Qxd6 22. Bc2 Qg3 23. Bxd3 cxd3 24. Qd1 Rf6 25. Nf1 Qh4 26. Kh2 Rg6 27. g3 Qe7 28. Qd2 e5 29. fxe4 fxe4 30. Qg2 Nf6 31. Nd2 Rf8 32. Rf1 exd4 33. cxd4 Rc8 34. Rac1 Rxc1 35. Rxc1 Rg5 36. a3 Rf5 37. g4 Rb5 38. b4 a5 39. Rc5 Rxc5 40. bxc5 Qe6 41. Qf2 g5 42. Kg2 Kg7 43. Qe1 Qa2 44. Qc1 a4 45. Kg3 Qc2 46. Qe1 Qc3 47. h4 Qxa3 48. hxg5 hxg5 49. Qb1 Qc3 50. Qxb7+ Kg6 51. Nxe4 Qe1+ 52. Kg2 d2 53. Nxf6 Qe2+ 54. Kg3 Qxe3+ 55. Kg2 Qe2+ 56. Kg3 Qd3+ 57. Kg2 d1Q 0-1

[Event "Oberliga Ost-A 1112"]
[Site "Germany"]
[Date "2011.11.20"]
[Round "4.1"]
[White "Weitzer, Steffen"]
[Black "Heinrich, Thomas"]
[Result "1/2-1/2"]
[WhiteElo "2271"]
[BlackElo "2254"]
[PlyCount "93"]
[EventDate "2011.09.25"]
[EventType "team-tourn"]
[EventRounds "11"]
[EventCountry "GER"]
[SourceTitle "EXT 2013"]
[Source "ChessBase"]
[SourceDate "2012.11.22"]
[SourceVersion "1"]
[SourceVersionDate "2012.11.22"]
[SourceQuality "1"]
[WhiteTeam "Leipzig SG II"]
[BlackTeam "Leipzig VfB"]
[WhiteTeamCountry "GER"]
[BlackTeamCountry "GER"]

1. d4 Nf6 2. Nf3 g6 3. Bf4 Bg7 4. e3 d6 5. h3 0-0 6. c3 Nfd7 7. Bc4 b6 8. 0-0 Ba6 9. Bxa6 Nxa6 10. Qe2 Qc8 11. e4 c5 12. d5 Nc7 13. Rd1 Qb7 14. c4 b5 15. Nbd2 Rfe8 16. Rab1 Rab8 17. h4 Qa6 18. e5 bxc4 19. exd6 Nxd5 20. Bg3 e5 21. Qxc4 Qb7 22. h5 N5b6 23. Qh4 Nf8 24. h6 Bh8 25. Ne4 Nbd7 26. Nc3 Ne6 27. Nd5 f6 28. b4 Kf7 29. b5 Red8 30. Ne7 e4 31. Nd2 f5 32. Nc6 Bf6 33. Qh2 Nd4 34. Nxd8+ Rxd8 35. a4 Qd5 36. Nf1 c4 37. Ne3 Qc5 38. Kh1 c3 39. Rbc1 Rc8 40. Nc2 Nb3 41. Rb1 Qc4 42. Bf4 Nbc5 43. Be3 Nd3 44. f4 Qxa4 45. g4 Ke6 46. gxf5+ gxf5 47. Qe2 1/2-1/2

[Event "Oberliga Ost-A 1112"]
[Site "Germany"]
[Date "2011.10.23"]
[Round "3.1"]
[White "Weitzer, Steffen"]
[Black "Strache, Michael"]
[Result "0-1"]
[WhiteElo "2271"]
[BlackElo "2319"]
[PlyCount "38"]
[EventDate "2011.09.25"]
[EventType "team-tourn"]
[EventRounds "11"]
[EventCountry "GER"]
[SourceTitle "EXT 2013"]
[Source "ChessBase"]
[SourceDate "2012.11.22"]
[SourceVersion "1"]
[SourceVersionDate "2012.11.22"]
[SourceQuality "1"]
[WhiteTeam "Leipzig SG II"]
[BlackTeam "Sangerhausen"]
[WhiteTeamCountry "GER"]
[BlackTeamCountry "GER"]

1. e4 e5 2. f4 exf4 3. Nf3 h6 4. d4 g5 5. Bc4 d6 6. 0-0 Nc6 7. c3 Bg7 8. g3 Bh3 9. Rf2 Nf6 10. gxf4 Nxe4 11. Qe1 d5 12. Nbd2 f5 13. Bb3 Qd6 14. Nxe4 fxe4 15. Ne5 gxf4 16. Ba4 Bxe5 17. dxe5 Qg6+ 18. Kh1 e3 19. Bc2 Qg5 0-1

[Event "Oberliga Ost-A 1112"]
[Site "Germany"]
[Date "2011.09.25"]
[Round "1.1"]
[White "Gempe, Thomas"]
[Black "Weitzer, Steffen"]
[Result "0-1"]
[WhiteElo "2232"]
[BlackElo "2271"]
[PlyCount "26"]
[EventDate "2011.09.25"]
[EventType "team-tourn"]
[EventRounds "11"]
[EventCountry "GER"]
[SourceTitle "EXT 2013"]
[Source "ChessBase"]
[SourceDate "2012.11.22"]
[SourceVersion "1"]
[SourceVersionDate "2012.11.22"]
[SourceQuality "1"]
[WhiteTeam "Leipzig SG III"]
[BlackTeam "Leipzig SG II"]
[WhiteTeamCountry "GER"]
[BlackTeamCountry "GER"]

1. d4 Nf6 2. Nf3 c5 3. d5 e6 4. c4 b5 5. Bg5 exd5 6. cxd5 h6 7. Bxf6 Qxf6 8. e4 Qxb2 9. Nbd2 c4 10. Rb1 Qxa2 11. Rxb5 c3 12. Nb3 c2 13. Qd2 Qb1+ 0-1

[Event "Oberliga Ost-A 1011"]
[Site "Germany"]
[Date "2011.04.09"]
[Round "10.1"]
[White "Weitzer, Steffen"]
[Black "Fuchs, Judith"]
[Result "1-0"]
[WhiteElo "2281"]
[BlackElo "2232"]
[PlyCount "97"]
[EventDate "2010.10.24"]
[EventType "team-tourn"]
[EventRounds "11"]
[EventCountry "GER"]
[SourceTitle "EXT 2012"]
[Source "ChessBase"]
[SourceDate "2011.11.24"]
[SourceVersion "1"]
[SourceVersionDate "2011.11.24"]
[SourceQuality "1"]
[WhiteTeam "Leipzig Lok"]
[BlackTeam "Leipzig Gohlis"]
[WhiteTeamCountry "GER"]
[BlackTeamCountry "GER"]

1. e4 c6 2. Nc3 d5 3. Qf3 dxe4 4. Nxe4 Nf6 5. Nxf6+ exf6 6. Bc4 Nd7 7. Qg3 Ne5 8. Bb3 Ng6 9. Ne2 Bd6 10. Qe3+ Ne7 11. d4 0-0 12. 0-0 Re8 13. Qf3 Ng6 14. Be3 Qc7 15. Ng3 Bd7 16. Rfe1 Rad8 17. Rad1 Qc8 18. h3 Bb8 19. c4 Qc7 20. d5 c5 21. Bc2 b6 22. b3 a6 23. Bd2 b5 24. Be3 bxc4 25. bxc4 Qa5 26. Bb3 Qc7 27. Bd2 Ne5 28. Qc3 Ng6 29. Rxe8+ Rxe8 30. Re1 Ne5 31. Bc2 h5 32. f4 Ng6 33. Rxe8+ Bxe8 34. Nxh5 Bd7 35. Qg3 f5 36. Bc3 Qc8 37. Bxg7 Bxf4 38. Nxf4 Kxg7 39. Nh5+ Kh6 40. Qe3+ Kh7 41. Nf6+ Kg7 42. Nxd7 Qxd7 43. Qxc5 Qe8 44. Qd4+ Kg8 45. Bxf5 Qe1+ 46. Kh2 Ne5 47. Bg4 Kf8 48. d6 Nxg4+ 49. Qxg4 1-0

[Event "Oberliga Ost-A 1011"]
[Site "Germany"]
[Date "2011.03.20"]
[Round "9.1"]
[White "Weitzer, Steffen"]
[Black "Heinrich, Thomas"]
[Result "1/2-1/2"]
[WhiteElo "2281"]
[BlackElo "2296"]
[PlyCount "22"]
[EventDate "2010.10.24"]
[EventType "team-tourn"]
[EventRounds "11"]
[EventCountry "GER"]
[SourceTitle "EXT 2012"]
[Source "ChessBase"]
[SourceDate "2011.11.24"]
[SourceVersion "1"]
[SourceVersionDate "2011.11.24"]
[SourceQuality "1"]
[WhiteTeam "Leipzig Lok"]
[BlackTeam "Leipzig VfB"]
[WhiteTeamCountry "GER"]
[BlackTeamCountry "GER"]

1. d4 c5 2. e4 cxd4 3. Nf3 e6 4. c3 d3 5. c4 d6 6. Nc3 Nc6 7. Bxd3 Nf6 8. 0-0 g6 9. Qc2 Bg7 10. Rd1 Qe7 11. h3 0-0 1/2-1/2

[Event "Oberliga Ost-A 1011"]
[Site "Germany"]
[Date "2010.10.24"]
[Round "1.1"]
[White "Strache, Michael"]
[Black "Weitzer, Steffen"]
[Result "1/2-1/2"]
[WhiteElo "2290"]
[BlackElo "2281"]
[PlyCount "123"]
[EventDate "2010.10.24"]
[EventType "team-tourn"]
[EventRounds "11"]
[EventCountry "GER"]
[SourceTitle "EXT 2012"]
[Source "ChessBase"]
[SourceDate "2011.11.24"]
[SourceVersion "1"]
[SourceVersionDate "2011.11.24"]
[SourceQuality "1"]
[WhiteTeam "Sangerhausen"]
[BlackTeam "Leipzig Lok"]
[WhiteTeamCountry "GER"]
[BlackTeamCountry "GER"]

1. d4 Nf6 2. Bg5 Ne4 3. Bf4 c5 4. f3 Nf6 5. d5 d6 6. e4 g6 7. Qd2 h5 8. c3 Bg7 9. Bd3 Nbd7 10. Na3 a6 11. Nc4 b5 12. Ne3 Ne5 13. Ne2 Nxd3+ 14. Qxd3 Nd7 15. Nd1 Ne5 16. Qe3 Nc4 17. Qf2 e5 18. dxe6 Bxe6 19. b3 Nb6 20. Qe3 Rc8 21. Nf2 d5 22. Rd1 0-0 23. Bh6 Bxh6 24. Qxh6 Qf6 25. 0-0 Rfd8 26. Nf4 Qg7 27. Qg5 d4 28. cxd4 Rxd4 29. N2d3 Nd7 30. Rc1 c4 31. Nb4 c3 32. Nbd5 Bxd5 33. Nxd5 f6 34. Qe3 f5 35. Ne7+ Qxe7 36. Qxd4 b4 37. Rfd1 Rc7 38. Qd6 Qxd6 39. Rxd6 fxe4 40. Kf1 exf3 41. gxf3 Kf7 42. Rxa6 Ne5 43. Rd6 Nxf3 44. Ke2 Nxh2 45. Rb6 Ng4 46. Rxb4 Ne5 47. Re4 Kf6 48. Re3 c2 49. Kd2 g5 50. Rxc2 Re7 51. b4 g4 52. Ke2 Rb7 53. Rc5 Ng6 54. b5 Nf4+ 55. Kf2 h4 56. a4 Rd7 57. b6 Rd2+ 58. Ke1 Rb2 59. Rc6+ Kf5 60. Rc5+ Kf6 61. Rc6+ Kf5 62. Rc5+ 1/2-1/2